[Event "IX Festival Magistrale"]
[Site "Amantea ITA"]
[Date "2011.09.04"]
[Round "1"]
[White "Carlomagno, Vincenzo"]
[Black "Valguarnera, Girolamo"]
[Result "0-1"]
[WhiteElo "1913"]
[BlackElo "2148"]
[PlyCount "58"]
[EventDate "2011.09.04"]

1. e4 c5 2. Nf3 Nc6 3. d4 cxd4 4. Nxd4 e5 5. Nb5 a6 6. Nd6+ Bxd6 7. Qxd6 Qf6 8.
Qd1 Nge7 9. Nc3 Qg6 10. h4 Nd4 11. h5 Qb6 12. Bd3 Qc6 13. h6 g6 14. O-O Ne6 15.
Qg4 d6 16. Qh4 g5 17. Bxg5 Nxg5 18. Qxg5 Rg8 19. Qe3 Be6 20. Rfd1 O-O-O 21. Bf1
Kb8 22. a4 f5 23. b4 f4 24. Qd3 f3 25. g3 Qb6 26. Qe3 Rxg3+ 27. Kh2 Qxe3 28.
fxe3 Rg6 29. b5 Rdg8 0-1

[Event "IX Festival Magistrale"]
[Site "Amantea ITA"]
[Date "2011.09.04"]
[Round "1"]
[White "Cordi', Domenico"]
[Black "Rombaldoni, Axel"]
[Result "1-0"]
[WhiteElo "2053"]
[BlackElo "2487"]
[PlyCount "83"]
[EventDate "2011.09.04"]

1. d4 Nf6 2. c4 g6 3. Nf3 Bg7 4. Nc3 d5 5. Bf4 O-O 6. e3 a6 7. Rc1 dxc4 8. Bxc4
b5 9. Be2 Bb7 10. O-O Nbd7 11. h3 Rc8 12. b4 Ne8 13. a4 c6 14. Qb3 e6 15. Ne4
Qe7 16. Nc5 Nxc5 17. Rxc5 Nf6 18. Ne5 Ne4 19. Rc2 Bxe5 20. Bxe5 bxa4 21. Qxa4
c5 22. f3 Nf6 23. Bxf6 Qxf6 24. Rxc5 Rxc5 25. bxc5 e5 26. Qb3 Qc6 27. Rb1 Bc8
28. Qc3 exd4 29. Qxd4 Qc7 30. Rb6 Qg3 31. Kf1 Qh2 32. e4 a5 33. Bb5 Be6 34. Rd6
h5 35. Bc4 Qh1+ 36. Kf2 Bxc4 37. Qxc4 Kh7 38. Rd7 Kh6 39. c6 Rb8 40. Qc3 Rb1
41. Qh8+ Kg5 42. f4+ 1-0

[Event "IX Festival Magistrale"]
[Site "Amantea ITA"]
[Date "2011.09.04"]
[Round "1"]
[White "Epishin, Vladimir V."]
[Black "Scerbo, Antonio"]
[Result "1-0"]
[WhiteElo "2544"]
[BlackElo "2080"]
[PlyCount "57"]
[EventDate "2011.09.04"]

1. d4 Nf6 2. Nf3 d6 3. Nbd2 g6 4. e4 Bg7 5. c3 O-O 6. h3 c6 7. Bd3 Nbd7 8. O-O
Qc7 9. Re1 e5 10. Nf1 Re8 11. Ng3 b5 12. Be3 a5 13. Qd2 Ba6 14. Rad1 Nb6 15.
Bh6 Qe7 16. Bxg7 Kxg7 17. Nh2 Bc8 18. f4 Bd7 19. Rf1 Nc4 20. Bxc4 bxc4 21. dxe5
dxe5 22. Nf3 exf4 23. Qxf4 Rad8 24. Rd6 Be6 25. Rxc6 Qb7 26. Nd4 Ng8 27. Nxe6+
Rxe6 28. Rxe6 fxe6 29. Nh5+ 1-0

[Event "IX Festival Magistrale"]
[Site "Amantea ITA"]
[Date "2011.09.04"]
[Round "1"]
[White "Gromovs, Sergejs"]
[Black "Rotelli, Pietro"]
[Result "1-0"]
[WhiteElo "2297"]
[BlackElo "1918"]
[PlyCount "69"]
[EventDate "2011.09.04"]

1. d4 d5 2. c4 e6 3. Nc3 Nf6 4. Nf3 c6 5. Bg5 Nbd7 6. e3 Be7 7. Qc2 O-O 8. a3
a6 9. h3 h6 10. Bf4 b6 11. cxd5 cxd5 12. Bd3 Bb7 13. O-O Rc8 14. a4 Ne4 15.
Bxe4 dxe4 16. Nd2 f5 17. Qb3 Rf6 18. Nc4 g5 19. Be5 Rg6 20. Rfd1 Kh7 21. Bh2
Bd5 22. Nxd5 exd5 23. Ne5 Nxe5 24. dxe5 Rc5 25. f3 g4 26. hxg4 fxg4 27. fxg4
Rxg4 28. Rd2 Rg6 29. Rf1 Qg8 30. Rdf2 b5 31. axb5 Rxb5 32. Qc3 Rc5 33. Qd4 Rc7
34. Rf7+ Rg7 35. e6 1-0

[Event "IX Festival Magistrale"]
[Site "Amantea ITA"]
[Date "2011.09.04"]
[Round "1"]
[White "Hajenius, Willem"]
[Black "Dvirnyy, Danyyil"]
[Result "0-1"]
[WhiteElo "2002"]
[BlackElo "2457"]
[PlyCount "60"]
[EventDate "2011.09.04"]

1. d4 Nf6 2. c4 g6 3. Nc3 d5 4. cxd5 Nxd5 5. Bg5 Bg7 6. Rc1 Nxc3 7. bxc3 c5 8.
e3 O-O 9. Bd3 cxd4 10. exd4 Qd5 11. Nf3 Bg4 12. c4 Qxg5 13. Nxg5 Bxd1 14. Rxd1
Bxd4 15. O-O Nc6 16. Rb1 b6 17. Be4 Rac8 18. Bd5 h6 19. Nf3 Bf6 20. Nd2 e6 21.
Bf3 Na5 22. c5 Rfd8 23. Ne4 Bd4 24. Rfd1 bxc5 25. Rb5 Nc4 26. Rb7 a5 27. h4 Rb8
28. Rc7 Rb2 29. Rxc5 Nd2 30. Rxa5 Nxe4 0-1

[Event "IX Festival Magistrale"]
[Site "Amantea ITA"]
[Date "2011.09.04"]
[Round "1"]
[White "Okhotnik, Vladimir"]
[Black "Gregori, Giacomo"]
[Result "0-1"]
[WhiteElo "2445"]
[BlackElo "1993"]
[PlyCount "69"]
[EventDate "2011.09.04"]

1. d4 Nf6 2. Nc3 d5 3. Nf3 e6 4. g3 c5 5. Bg2 Nc6 6. O-O Be7 7. e3 b6 8. b3 Bb7
9. Bb2 O-O 10. Qe2 Rc8 11. Rfd1 Qc7 12. Ne5 a6 13. f4 cxd4 14. exd4 Nd7 15. Kh1
Ncxe5 16. fxe5 b5 17. a3 Qb6 18. Qd3 f6 19. exf6 Bxf6 20. Ne2 Qc7 21. c3 e5 22.
dxe5 Nxe5 23. Bxd5+ Kh8 24. Qe4 Bxd5 25. Rxd5 Rce8 26. Qb4 Qf7 27. Rad1 Nc4 28.
bxc4 Be7 29. c5 Qf3+ 30. Kg1 Qf2+ 31. Kh1 Qxe2 32. Qd4 Rf2 33. Qxf2 Qxf2 34.
Bc1 Qf3+ 35. Kg1 0-1

[Event "IX Festival Magistrale"]
[Site "Amantea ITA"]
[Date "2011.09.04"]
[Round "1"]
[White "Palazzotto, Roberto"]
[Black "Schaefer, Heiko"]
[Result "1/2-1/2"]
[WhiteElo "1877"]
[BlackElo "2083"]
[PlyCount "138"]
[EventDate "2011.09.04"]

1. d4 e6 2. e4 d5 3. Nc3 Nf6 4. Bg5 Bb4 5. e5 h6 6. Bd2 Bxc3 7. bxc3 Ne4 8. Bd3
Nxd2 9. Qxd2 c5 10. f4 Nc6 11. Nf3 Qa5 12. Be2 Bd7 13. O-O cxd4 14. Nxd4 Nxd4
15. Qxd4 Rc8 16. c4 dxc4 17. Rfd1 Qb6 18. Rab1 Qxd4+ 19. Rxd4 b5 20. a4 a6 21.
Rd6 Bc6 22. Bf3 Bxf3 23. gxf3 bxa4 24. Ra1 Ke7 25. Rxa4 Rhd8 26. Raxa6 Rxd6 27.
Rxd6 f6 28. Rd4 Rc5 29. Kf2 Kf7 30. c3 Kg6 31. h3 fxe5 32. fxe5 Kf5 33. Re4 g5
34. Kg2 h5 35. Kg3 h4+ 36. Kf2 Ra5 37. Rxc4 Kxe5 38. Re4+ Kf5 39. Rc4 e5 40.
Re4 Ra2+ 41. Re2 Ra3 42. Re3 Ke6 43. c4 Ra5 44. Re4 Ra8 45. Re1 Kd6 46. Re4
Ra2+ 47. Re2 Ra1 48. Re4 Ke6 49. Re2 Rh1 50. Kg2 Rd1 51. Re4 Rd2+ 52. Kg1 Rc2
53. Rg4 Kf5 54. Re4 Rd2 55. Rg4 Re2 56. Kf1 Rh2 57. Kg1 Rc2 58. Kf1 Rd2 59. Kg1
Rd4 60. Rxd4 exd4 61. Kf2 Kf4 62. Ke2 d3+ 63. Kxd3 Kxf3 64. c5 g4 65. c6 g3 66.
c7 g2 67. c8=Q g1=Q 68. Qf5+ Kg2 69. Qg4+ Kh2 1/2-1/2

[Event "IX Festival Magistrale"]
[Site "Amantea ITA"]
[Date "2011.09.04"]
[Round "1"]
[White "Rago, Riccardo"]
[Black "Janev, Evgeni"]
[Result "0-1"]
[WhiteElo "2065"]
[BlackElo "2511"]
[PlyCount "78"]
[EventDate "2011.09.04"]

1. e4 e5 2. Nf3 d6 3. d4 exd4 4. Nxd4 Nf6 5. Nc3 Be7 6. Be2 O-O 7. O-O Re8 8.
Re1 Bf8 9. Bf3 c6 10. a4 Nbd7 11. g3 a5 12. Bg2 Nc5 13. f3 Qb6 14. Kh1 g6 15.
Bg5 Bg7 16. Nde2 Ne6 17. Bc1 Rd8 18. Qd3 d5 19. e5 Nd7 20. f4 Ndc5 21. Qf3 d4
22. Ne4 Nxe4 23. Qxe4 Nc5 24. Qf3 Bf5 25. Rd1 Bxc2 26. Rxd4 Nb3 27. Rxd8+ Qxd8
28. Ra2 Qd1+ 29. Qf1 Rd8 30. Be3 Bf8 31. Nc3 Qg4 32. Qf2 Bb1 33. Bf3 Qf5 34. g4
Qd3 35. Be2 Qc2 36. Qh4 Rd3 37. Bxd3 Qxd3 38. Qe1 Bxa2 39. Nxa2 Qe4+ 0-1

[Event "IX Festival Magistrale"]
[Site "Amantea ITA"]
[Date "2011.09.04"]
[Round "1"]
[White "Rizzo, Giovanbattista"]
[Black "Carbone, Stefano"]
[Result "1/2-1/2"]
[WhiteElo "2093"]
[BlackElo "1933"]
[PlyCount "52"]
[EventDate "2011.09.04"]

1. d4 d5 2. c4 c6 3. Nf3 Nf6 4. e3 Bf5 5. cxd5 cxd5 6. Qb3 Bc8 7. Bd2 e6 8.
Bb5+ Nbd7 9. O-O Bd6 10. Bb4 Qe7 11. Bxd6 Qxd6 12. Rc1 O-O 13. Qa3 Ne4 14. Qxd6
Nxd6 15. Na3 a6 16. Bxd7 Bxd7 17. Ne5 Be8 18. f3 f6 19. Nd3 Bc6 20. b3 Rfc8 21.
Kf2 Kf7 22. Ke2 Ke7 23. Kd2 Bd7 24. Nc2 b6 25. Nce1 Rxc1 26. Rxc1 Rc8 1/2-1/2

[Event "IX Festival Magistrale"]
[Site "Amantea ITA"]
[Date "2011.09.04"]
[Round "1"]
[White "Sarro, Emilio"]
[Black "Piscopo, Pierluigi"]
[Result "0-1"]
[WhiteElo "1979"]
[BlackElo "2373"]
[PlyCount "64"]
[EventDate "2011.09.04"]

1. c4 e5 2. Nf3 e4 3. Nd4 Nc6 4. Nb3 a5 5. a4 Nf6 6. g3 Bb4 7. Bg2 O-O 8. O-O
Re8 9. d3 d6 10. Bd2 exd3 11. exd3 Bg4 12. f3 Bf5 13. Bc3 d5 14. Na3 d4 15.
Bxb4 Nxb4 16. Nc5 Nd7 17. Ne4 Ne5 18. Qd2 Nexd3 19. Nc2 Nxc2 20. Qxc2 Bxe4 21.
fxe4 Ne5 22. b3 c5 23. Qd2 Qb6 24. Rab1 Rad8 25. Qf4 Qg6 26. Qd2 b6 27. Rf5 d3
28. Rbf1 Qd6 29. Qg5 d2 30. Rd1 f6 31. Qf4 Qd3 32. Qf2 Ng4 0-1

[Event "IX Festival Magistrale"]
[Site "Amantea ITA"]
[Date "2011.09.04"]
[Round "1"]
[White "Van Eijk, Sander"]
[Black "Forlano, Luigi"]
[Result "1-0"]
[WhiteElo "2372"]
[BlackElo "1976"]
[PlyCount "57"]
[EventDate "2011.09.04"]

1. e4 c5 2. Nc3 g6 3. Nge2 Bg7 4. d4 cxd4 5. Nxd4 Nc6 6. Nde2 Nf6 7. g3 d6 8.
Bg2 Bg4 9. h3 Be6 10. O-O Nh5 11. Be3 Qd7 12. Kh2 Bc4 13. Re1 Bxe2 14. Qxe2
Bxc3 15. bxc3 Ng7 16. Red1 Qc7 17. Rab1 O-O 18. Qb5 Rab8 19. f4 Rfc8 20. Rd3 b6
21. Rbd1 Ne8 22. e5 Na5 23. Bd5 dxe5 24. fxe5 a6 25. Bxf7+ Kxf7 26. Qd5+ Kg7
27. Rf1 Qc4 28. Rf7+ Kh8 29. Rf8+ 1-0

[Event "IX Festival Magistrale"]
[Site "Amantea ITA"]
[Date "2011.09.04"]
[Round "1"]
[White "Van Melkebeke, Willem"]
[Black "Bentivegna, Francesco"]
[Result "0-1"]
[WhiteElo "1926"]
[BlackElo "2322"]
[PlyCount "62"]
[EventDate "2011.09.04"]

1. e4 e6 2. d4 d5 3. Nd2 Nf6 4. e5 Nfd7 5. Bd3 c5 6. c3 Nc6 7. Ngf3 g6 8. h4 h6
9. dxc5 Bg7 10. Nb3 Ndxe5 11. Bb5 O-O 12. Nxe5 Nxe5 13. Bf4 Bd7 14. Qe2 Bxb5
15. Qxb5 Nc4 16. Nd2 Qf6 17. Be3 a6 18. Qb4 a5 19. Qb5 Nxe3 20. fxe3 a4 21. Rc1
Qe7 22. b4 axb3 23. axb3 Qc7 24. Rh3 Ra5 25. Qb4 Rxc5 26. c4 Rc8 27. Rd1 b5 28.
cxd5 exd5 29. Kf1 Rc1 30. Rxc1 Qxc1+ 31. Ke2 Bc3 0-1

[Event "IX Festival Magistrale"]
[Site "Amantea ITA"]
[Date "2011.09.05"]
[Round "2"]
[White "Bentivegna, Francesco"]
[Black "Spirin, Oleg"]
[Result "1/2-1/2"]
[WhiteElo "2322"]
[BlackElo "2493"]
[PlyCount "25"]
[EventDate "2011.09.04"]

1. e4 c5 2. Nf3 d6 3. d4 cxd4 4. Nxd4 Nf6 5. Nc3 a6 6. Bc4 e6 7. Bb3 Nc6 8. Be3
Qc7 9. Qe2 Be7 10. O-O-O Na5 11. g4 b5 12. g5 Nxb3+ 13. axb3 1/2-1/2

[Event "IX Festival Magistrale"]
[Site "Amantea ITA"]
[Date "2011.09.05"]
[Round "2"]
[White "Drasko, Milan"]
[Black "Cordi', Domenico"]
[Result "1-0"]
[WhiteElo "2478"]
[BlackElo "2053"]
[PlyCount "91"]
[EventDate "2011.09.04"]

1. Nf3 Nf6 2. g3 c5 3. Bg2 g6 4. c4 Bg7 5. O-O O-O 6. d4 cxd4 7. Nxd4 Nc6 8.
Nc3 Qb6 9. Nc2 d6 10. b3 Be6 11. Bd2 Rfd8 12. e4 Bg4 13. Qe1 Ne5 14. Be3 Qa5
15. f4 Nc6 16. h3 Be6 17. Nd5 Qxe1 18. Raxe1 Bxd5 19. cxd5 Nb8 20. Na3 Nbd7 21.
Nc4 b6 22. e5 Ne8 23. e6 Nf8 24. f5 gxf5 25. exf7+ Kxf7 26. Rxf5+ Nf6 27. g4 h6
28. h4 Kg8 29. Bh3 Re8 30. g5 hxg5 31. Bxg5 N8h7 32. Rf3 Rab8 33. Be6+ Kh8 34.
Bf7 Rec8 35. Rxe7 Rc5 36. Rxa7 Nxd5 37. Rd3 Nb4 38. Rxd6 Nxg5 39. hxg5 Rxg5+
40. Kh1 b5 41. Rd2 bxc4 42. Rh2+ Bh6 43. Rxh6+ Kg7 44. Rd6 c3 45. Bc4+ Kf8 46.
Rh6 1-0

[Event "IX Festival Magistrale"]
[Site "Amantea ITA"]
[Date "2011.09.05"]
[Round "2"]
[White "Forlano, Luigi"]
[Black "Okhotnik, Vladimir"]
[Result "0-1"]
[WhiteElo "1976"]
[BlackElo "2445"]
[PlyCount "72"]
[EventDate "2011.09.04"]

1. e4 c5 2. Nc3 Nc6 3. f4 g6 4. Nf3 Bg7 5. Bb5 Nd4 6. O-O a6 7. Bc4 b5 8. Bd5
Rb8 9. d3 Nf6 10. Bb3 O-O 11. e5 Ne8 12. Be3 Nxb3 13. axb3 d6 14. Qe1 Nc7 15.
Qh4 f5 16. exd6 exd6 17. Qxd8 Rxd8 18. d4 b4 19. Na4 Nd5 20. Bf2 Nxf4 21. dxc5
Bb7 22. Bh4 Rdc8 23. cxd6 Rxc2 24. d7 Rxg2+ 25. Kh1 g5 26. Bg3 Rd2 27. Bxf4
gxf4 28. Nc5 Rd6 29. Rae1 Bc6 30. Nxa6 Rf8 31. Nxb4 Bb7 32. Kg1 Rxd7 33. Ne5
Bxe5 34. Rxe5 Rg7+ 35. Kf2 Rg2+ 36. Ke1 Ra8 0-1

[Event "IX Festival Magistrale"]
[Site "Amantea ITA"]
[Date "2011.09.05"]
[Round "2"]
[White "Gregori, Giacomo"]
[Black "Collutiis, Duilio"]
[Result "0-1"]
[WhiteElo "1993"]
[BlackElo "2474"]
[PlyCount "42"]
[EventDate "2011.09.04"]

1. Nf3 Nf6 2. c4 g6 3. b4 Bg7 4. Bb2 c6 5. e3 O-O 6. Be2 d5 7. d4 Bg4 8. Nbd2
a5 9. a3 dxc4 10. Bxc4 b5 11. Bb3 axb4 12. axb4 Na6 13. Bc3 Qd6 14. e4 Qf4 15.
Bc2 Bxf3 16. gxf3 e5 17. Nb3 exd4 18. Nxd4 Nd7 19. Rb1 Rfd8 20. Qd2 Qxd2+ 21.
Kxd2 Nb6 0-1

[Event "IX Festival Magistrale"]
[Site "Amantea ITA"]
[Date "2011.09.05"]
[Round "2"]
[White "Lombardi, Mariano"]
[Black "Hajenius, Willem"]
[Result "1-0"]
[WhiteElo "2061"]
[BlackElo "2002"]
[PlyCount "49"]
[EventDate "2011.09.04"]

1. e4 c5 2. Nf3 Nf6 3. Nc3 Nc6 4. d4 d5 5. dxc5 d4 6. e5 dxc3 7. Qxd8+ Kxd8 8.
exf6 gxf6 9. bxc3 e5 10. Be3 Rg8 11. O-O-O+ Ke8 12. Nd2 f5 13. g3 Be6 14. Bb5
a6 15. Ba4 Bg7 16. Rhe1 Ke7 17. Bb3 f4 18. gxf4 exf4 19. Bxf4 Bxc3 20. Bd6+ Kd7
21. Re3 Bd4 22. Rf3 Rae8 23. Bxe6+ fxe6 24. Rf7+ Kc8 25. Nc4 1-0

[Event "IX Festival Magistrale"]
[Site "Amantea ITA"]
[Date "2011.09.05"]
[Round "2"]
[White "Mirzoev, Azer"]
[Black "Rizzo, Giovanbattista"]
[Result "1/2-1/2"]
[WhiteElo "2468"]
[BlackElo "2093"]
[PlyCount "194"]
[EventDate "2011.09.04"]

1. d4 Nf6 2. Nf3 d5 3. c4 e6 4. Nc3 Bb4 5. cxd5 exd5 6. Bg5 Nbd7 7. Rc1 h6 8.
Bh4 c6 9. e3 Qa5 10. Qb3 Ne4 11. a3 Bxc3+ 12. bxc3 g5 13. Bg3 h5 14. Nd2 Ndf6
15. Nxe4 Nxe4 16. Bd3 Nxg3 17. hxg3 Qc7 18. c4 Be6 19. cxd5 Qa5+ 20. Ke2 Qxd5
21. Qxd5 Bxd5 22. e4 Be6 23. Ke3 Ke7 24. Rc5 f6 25. Rb1 Rab8 26. Ra5 a6 27. Rb6
Kd6 28. Rc5 Kc7 29. Rb2 Rbe8 30. f3 h4 31. gxh4 gxh4 32. Bf1 h3 33. gxh3 Bxh3
34. Bxh3 Rxh3 35. Rf5 Rh6 36. Rc2 Kd6 37. a4 Re7 38. a5 Rc7 39. Rb2 Rg6 40. Rb6
Ke7 41. Rh5 Rg5 42. Rxg5 fxg5 43. e5 Ke6 44. Ke4 Rd7 45. Rb2 Rf7 46. Rg2 Rf4+
47. Ke3 Rf5 48. Rh2 c5 49. Rh6+ Ke7 50. Rh7+ Ke6 51. Rh6+ Ke7 52. dxc5 Rxe5+
53. Kd4 Rf5 54. Rh7+ Ke6 55. Rxb7 Rxf3 56. Rb6+ Kd7 57. Rxa6 Ra3 58. Kd5 Rd3+
59. Kc4 Rd1 60. Rg6 Rc1+ 61. Kb5 Rb1+ 62. Ka6 Kc7 63. Rxg5 Kc6 64. Rg8 Kxc5 65.
Rc8+ Kd6 66. Ka7 Kd7 67. Rb8 Ra1 68. a6 Kc7 69. Rb3 Kc6 70. Rb7 Ra2 71. Rb1 Ra3
72. Rc1+ Kd7 73. Kb6 Rb3+ 74. Ka5 Ra3+ 75. Kb5 Ra2 76. Rc3 Ra1 77. Kb6 Rb1+ 78.
Ka7 Ra1 79. Rc4 Ra2 80. Kb7 Rb2+ 81. Ka8 Ra2 82. a7 Rb2 83. Rc5 Rb1 84. Rh5 Kc7
85. Rh8 Rb2 86. Rb8 Ra2 87. Rb5 Rh2 88. Rb7+ Kc6 89. Rb1 Rh8+ 90. Rb8 Rh1 91.
Rc8+ Kd7 92. Rc4 Rb1 93. Rc5 Rb2 94. Rf5 Rb1 95. Rf6 Rb2 96. Rf8 Kc7 97. Rg8
Rb1 1/2-1/2

[Event "IX Festival Magistrale"]
[Site "Amantea ITA"]
[Date "2011.09.05"]
[Round "2"]
[White "Rizzardi, Franco"]
[Black "Van Melkebeke, Willem"]
[Result "1-0"]
[WhiteElo "2005"]
[BlackElo "1926"]
[PlyCount "137"]
[EventDate "2011.09.04"]

1. e4 c5 2. Nf3 e6 3. d4 cxd4 4. Nxd4 Nf6 5. Nc3 Nc6 6. Be3 Bb4 7. Bd3 d5 8.
exd5 Nxd5 9. Nxc6 bxc6 10. Bd2 Qf6 11. Nxd5 Bxd2+ 12. Qxd2 exd5 13. Qb4 Qe7+
14. Qxe7+ Kxe7 15. O-O Be6 16. Rfe1 Kf6 17. Re3 Rhe8 18. Rf3+ Ke5 19. Re1+ Kd6
20. Kf1 a5 21. Rfe3 a4 22. c3 Reb8 23. R1e2 Rb6 24. Rd2 Rab8 25. Ree2 c5 26. a3
Kc7 27. Ke1 Rd6 28. Kd1 d4 29. cxd4 Rxd4 30. Kc1 Rbd8 31. Bc2 g6 32. Rxd4 Rxd4
33. Re4 Rxe4 34. Bxe4 Kd6 35. Bc2 Bd7 36. Kd2 Ke5 37. Ke3 Kd5 38. Bd3 h6 39.
Bb1 Bb5 40. Be4+ Kd6 41. f4 Bc4 42. g4 Bb3 43. h4 Bd1 44. g5 hxg5 45. hxg5 Bb3
46. Bd3 Kd5 47. Bb5 Ke6 48. Bc6 Kd6 49. Be4 Ke6 50. Kd2 Bc4 51. Kc3 Bb5 52. Bb1
Kd5 53. Ba2+ Ke4 54. Bxf7 Kxf4 55. Bxg6 Kxg5 56. Bd3 Bd7 57. Kc4 Kf6 58. Kxc5
Ke7 59. Bb5 Be6 60. Bxa4 Kd8 61. b4 Kc7 62. Bc6 Bc8 63. a4 Kb8 64. a5 Ka7 65.
b5 Bf5 66. b6+ Ka6 67. Bb5+ Kxa5 68. b7 Bc8 69. b8=Q 1-0

[Event "IX Festival Magistrale"]
[Site "Amantea ITA"]
[Date "2011.09.05"]
[Round "2"]
[White "Rotunno, Giuseppe"]
[Black "Sarro, Emilio"]
[Result "1-0"]
[WhiteElo "2037"]
[BlackElo "1979"]
[PlyCount "73"]
[EventDate "2011.09.04"]

1. d4 Nf6 2. Nf3 b6 3. g3 Bb7 4. Bg2 e6 5. O-O Be7 6. c4 O-O 7. b3 d5 8. Bb2
Nbd7 9. Nbd2 Rc8 10. Ne5 Nxe5 11. dxe5 Nd7 12. e4 dxe4 13. Nxe4 Bxe4 14. Bxe4
c6 15. Qe2 Qc7 16. Bc2 g6 17. h4 Rfd8 18. h5 Bf8 19. hxg6 hxg6 20. Rad1 Bg7 21.
f4 Nf8 22. c5 Nh7 23. b4 Bf8 24. Rd6 bxc5 25. bxc5 Qa5 26. Qc4 Qb5 27. Qd4 Be7
28. Bd3 Qa5 29. Bc3 Qc7 30. Qa4 Bxd6 31. exd6 Qd7 32. Kg2 f6 33. Bxg6 Qg7 34.
f5 exf5 35. Bxf5 Rb8 36. Qc4+ Kh8 37. Rh1 1-0

[Event "IX Festival Magistrale"]
[Site "Amantea ITA"]
[Date "2011.09.05"]
[Round "2"]
[White "Scerbo, Antonio"]
[Black "Carlomagno, Vincenzo"]
[Result "0-1"]
[WhiteElo "2080"]
[BlackElo "1913"]
[PlyCount "130"]
[EventDate "2011.09.04"]

1. d4 d6 2. c4 e5 3. d5 f5 4. Nc3 Nf6 5. Bg5 h6 6. Bxf6 Qxf6 7. e4 Be7 8. Bd3
g6 9. Qd2 Qg5 10. Qxg5 hxg5 11. Nge2 Na6 12. f3 Nc5 13. Kd2 a5 14. Bc2 Bd7 15.
Nc1 g4 16. Nd3 Nxd3 17. Bxd3 gxf3 18. gxf3 Rh3 19. Rag1 Kf7 20. Rg3 Rah8 21.
Rxh3 Rxh3 22. Ke3 c6 23. exf5 gxf5 24. Kf2 e4 25. Be2 exf3 26. Bxf3 Rh4 27. b3
Bf6 28. Ne2 Be5 29. Kg2 c5 30. Nc1 b5 31. cxb5 Bxb5 32. Be2 Bxe2 33. Nxe2 a4
34. h3 axb3 35. axb3 Rb4 36. Nc1 Rd4 37. Rf1 Kg6 38. Rf3 Rxd5 39. Nd3 Rd4 40.
Re3 Kf6 41. Rf3 Re4 42. Kf2 Bd4+ 43. Kg3 d5 44. h4 c4 45. bxc4 dxc4 46. Nb4
Rg4+ 47. Kh3 Ke6 48. Nc2 Re4 49. h5 Bf6 50. Ne3 c3 51. Kg2 Bg5 52. Nc2 Re2+ 53.
Rf2 Rxf2+ 54. Kxf2 Kd5 55. Kf3 Kc4 56. Ke2 Kb3 57. Kd3 Kb2 58. Nd4 f4 59. Ne2
c2 60. Ke4 c1=Q 61. Nxc1 Kxc1 62. Kf5 f3 63. Kxg5 f2 64. h6 f1=Q 65. h7 Qf8 0-1

[Event "IX Festival Magistrale"]
[Site "Amantea ITA"]
[Date "2011.09.05"]
[Round "2"]
[White "Schaefer, Heiko"]
[Black "Milchev, Nikolay"]
[Result "0-1"]
[WhiteElo "2083"]
[BlackElo "2418"]
[PlyCount "52"]
[EventDate "2011.09.04"]

1. f4 d5 2. Nf3 g6 3. g3 Bg7 4. Bg2 c5 5. d3 Nc6 6. O-O Nf6 7. c3 O-O 8. Na3
Rb8 9. Nc2 d4 10. e4 dxe3 11. Bxe3 b6 12. Nh4 Bb7 13. f5 Ne5 14. Bf4 Bxg2 15.
Nxg2 Nd5 16. fxg6 hxg6 17. Bg5 Rb7 18. Nge3 Nxe3 19. Nxe3 Qxd3 20. Nd5 f6 21.
Bf4 Rd7 22. Ne3 g5 23. Qe1 gxf4 24. gxf4 Qg6+ 25. Kh1 Qe4+ 26. Kg1 Nf3+ 0-1

[Event "IX Festival Magistrale"]
[Site "Amantea ITA"]
[Date "2011.09.05"]
[Round "2"]
[White "Valguarnera, Girolamo"]
[Black "Levin, Felix"]
[Result "0-1"]
[WhiteElo "2148"]
[BlackElo "2482"]
[PlyCount "146"]
[EventDate "2011.09.04"]

1. e4 e5 2. Nf3 Nc6 3. Bb5 a6 4. Ba4 Nge7 5. O-O g6 6. c3 Bg7 7. d4 exd4 8.
cxd4 b5 9. Bb3 O-O 10. Nc3 Na5 11. Bc2 d6 12. h3 Bb7 13. Qe1 c5 14. dxc5 dxc5
15. Qe3 Qc7 16. Qg5 f6 17. Qf4 Qxf4 18. Bxf4 Nc4 19. Bb3 f5 20. Bd6 Rfe8 21. a4
Kh8 22. Bxc4 bxc4 23. e5 Nc6 24. Bxc5 Nxe5 25. Nxe5 Bxe5 26. Rad1 Kg8 27. Rfe1
Bc6 28. a5 Kf7 29. Bb6 g5 30. Kf1 h5 31. Bd4 Bc7 32. Rxe8 Rxe8 33. Bb6 Bxb6 34.
axb6 Rb8 35. Rd4 Rxb6 36. Rxc4 Bb7 37. Rc7+ Kf6 38. Na4 Rb4 39. Nc5 Bd5 40. b3
a5 41. Ra7 Rb5 42. Nd7+ Ke6 43. Nf8+ Ke5 44. Nd7+ Kd4 45. f4 g4 46. Nf6 gxh3
47. gxh3 Bxb3 48. Nxh5 a4 49. Kf2 Kc5 50. Ke3 Kb4 51. Ng3 Bc4 52. Ne2 Bxe2 53.
Kxe2 a3 54. Ke3 Ra5 55. Rb7+ Kc4 56. Rc7+ Kd5 57. Rd7+ Ke6 58. Rd1 a2 59. Ra1
Kd5 60. h4 Ra3+ 61. Kf2 Ke6 62. Ke2 Kf6 63. Kd2 Kg6 64. Kc2 Kh5 65. Kb2 Ra5 66.
Kc3 Kxh4 67. Kd4 Kg4 68. Ke3 Ra3+ 69. Kd4 Kxf4 70. Rf1+ Kg3 71. Rg1+ Kf2 72.
Ra1 f4 73. Ke4 f3 0-1

[Event "IX Festival Magistrale"]
[Site "Amantea ITA"]
[Date "2011.09.06"]
[Round "3"]
[White "Carlomagno, Vincenzo"]
[Black "Mirzoev, Azer"]
[Result "0-1"]
[WhiteElo "1913"]
[BlackElo "2468"]
[PlyCount "76"]
[EventDate "2011.09.04"]

1. e4 Nf6 2. e5 Nd5 3. d4 d6 4. Nf3 c6 5. Be2 Bg4 6. h3 Bxf3 7. Bxf3 dxe5 8.
dxe5 e6 9. O-O Nd7 10. c4 Ne7 11. Re1 Ng6 12. Nc3 Ndxe5 13. Qe2 Qd3 14. Qxd3
Nxd3 15. Rd1 O-O-O 16. Be4 Nxc1 17. Rxd8+ Kxd8 18. Rxc1 Be7 19. g3 Kc7 20. Kf1
Ne5 21. b3 g6 22. f4 Nd7 23. Ke2 a5 24. Bg2 h6 25. Ne4 a4 26. Rb1 axb3 27. axb3
Ra8 28. Rb2 Ra1 29. Nd2 Bb4 30. h4 Rg1 31. Kf2 Bc5+ 32. Kf3 Re1 33. Nf1 Rc1 34.
Bh3 Rc3+ 35. Ke2 h5 36. Bg2 Ba3 37. Rb1 Rc2+ 38. Kf3 Bc5 0-1

[Event "IX Festival Magistrale"]
[Site "Amantea ITA"]
[Date "2011.09.06"]
[Round "3"]
[White "Collutiis, Duilio"]
[Black "Janev, Evgeni"]
[Result "1-0"]
[WhiteElo "2474"]
[BlackElo "2511"]
[PlyCount "49"]
[EventDate "2011.09.04"]

1. e4 e5 2. Nf3 Nc6 3. Bb5 Nge7 4. Nc3 g6 5. d4 exd4 6. Nd5 Nxd5 7. exd5 Qe7+
8. Kf1 Qc5 9. Qe2+ Ne7 10. Bg5 Qd6 11. Re1 f6 12. Bh4 a6 13. Nxd4 Kf7 14. Bc4
b5 15. Bb3 Bb7 16. Qf3 Ng8 17. Bg3 Qb6 18. d6+ Kg7 19. Qg4 Bxd6 20. Bxd6 cxd6
21. Qxd7+ Kh6 22. Qh3+ Kg7 23. Ne6+ Kf7 24. Nd8+ Kf8 25. Qd7 1-0

[Event "IX Festival Magistrale"]
[Site "Amantea ITA"]
[Date "2011.09.06"]
[Round "3"]
[White "Cordi', Domenico"]
[Black "Valguarnera, Girolamo"]
[Result "1-0"]
[WhiteElo "2053"]
[BlackElo "2148"]
[PlyCount "53"]
[EventDate "2011.09.04"]

1. d4 Nf6 2. c4 e6 3. Nf3 c5 4. Nc3 cxd4 5. Nxd4 a6 6. a3 Qc7 7. e4 b6 8. Bd3
Bb7 9. O-O Bd6 10. h3 Bh2+ 11. Kh1 Be5 12. Nde2 Nh5 13. Qb3 d6 14. Na4 d5 15.
exd5 exd5 16. Nxb6 dxc4 17. Bxc4 Ra7 18. Be3 Be4 19. Nd5 Qd7 20. f3 Rb7 21. Nb6
Rxb6 22. Bxb6 Bg6 23. Rad1 Bd6 24. Rxd6 Qxd6 25. Rd1 Qc6 26. Rd8+ Ke7 27. Qb4+
1-0

[Event "IX Festival Magistrale"]
[Site "Amantea ITA"]
[Date "2011.09.06"]
[Round "3"]
[White "Epishin, Vladimir V."]
[Black "Mladenov, Plamen"]
[Result "1-0"]
[WhiteElo "2544"]
[BlackElo "2371"]
[PlyCount "95"]
[EventDate "2011.09.04"]

1. d4 d5 2. c4 c6 3. e3 Nf6 4. Qc2 e6 5. Nd2 Nbd7 6. Ngf3 Be7 7. Bd3 c5 8. O-O
O-O 9. cxd5 exd5 10. b3 cxd4 11. Nxd4 Ne5 12. Bb2 Nxd3 13. Qxd3 Bg4 14. h3 Be6
15. Nf5 Bxf5 16. Qxf5 Qc8 17. Qd3 Qe6 18. Rac1 Rac8 19. Rfd1 a6 20. Nf3 g6 21.
Qd4 h5 22. Ne5 Rxc1 23. Rxc1 Rc8 24. Rxc8+ Qxc8 25. g4 Qc5 26. Qxc5 Bxc5 27.
Nd3 Nd7 28. gxh5 g5 29. h4 gxh4 30. Kg2 Kh7 31. Kh3 Be7 32. Nf4 Kh6 33. Kg4 f5+
34. Kxf5 Bd6 35. Nh3 Kxh5 36. Ke6 Bh2 37. Kxd7 Kg4 38. f4 Kxh3 39. f5 Bg1 40.
Bd4 Kg2 41. f6 h3 42. f7 h2 43. f8=Q h1=Q 44. Qf5 Qh6 45. Qxd5+ Kf1 46. Qxb7
Ke2 47. Qg2+ Bf2 48. e4 1-0